000 00714nam a2200289Ia 4500
005 20260324112358.0
008 008 260324s9999 xx 000 0 eng d
020 _a9781003392255
037 _aEBOOK
040 _aCRL
040 _beng
040 _cCRL
041 _2eng
041 _aeng
084 _qCRL
100 _aDebra L. Worthington; Graham D. Bodie; Margaret E. Fitch-Hauser
_91142445
245 0 _aListening
245 0 _bProcesses, Functions, and Competency
260 _bTaylor and Francis
260 _c2024
365 _a
365 _b300
856 _uhttp://www.taylorfrancis.com/books/9781003392255
942 _cEBOOK
999 _c1731631
_d1731631